000
00332nam a2200145Ia 4500
005
20251222152717.0
008
251222s9999||||xx |||||||||||||| ||spa||
020
_a
8422638932
082
_a
823.914/R64
100
_a
Ripley, Alexandra
245
0
_a
Scarlett
250
_a
1ra.ed.
264
_b
CĂrculo de Lectores
942
_c
LIB
999
_c
29426
_d
29426